00747nam a2200241 a 4500001001000000003000900010005001700019007001000036008004100046020001800087040002200105082001700127100002900144245008300173246004200256260006100298300002200359490002800381650002000409650002400429700002500453830002700478000044259DO-SdBNP20180402130625.0000044259110921s2007 dr a 000 0 spa d a9789945406627 aBPMSUbspacBPMSU a843.8bV531v1 aVerne, Jules,d1828-190510a20.000 lenguas de viaje submarino /cJulio Verne ;ilustraciones José Lovera.13aVeinte mil leguas de viaje submarino  aSanto Domingo :bTopogán,c1994g(reimpresión, 2007) a163 p. ;c23 cm.1 aClásicos universales  4aNOVELA FRANCESA 4aLITERATURA FRANCESA1 aLovera, José.eil. 0aClásicos universales